<?xml version="1.0" encoding="UTF-8"?>
<record
    xmlns:xsi="http://www.w3.org/2001/XMLSchema-instance"
    xsi:schemaLocation="http://www.loc.gov/MARC21/slim http://www.loc.gov/standards/marcxml/schema/MARC21slim.xsd"
    xmlns="http://www.loc.gov/MARC21/slim">

  <leader>00806cam2a220025300 4500</leader>
  <controlfield tag="001">lce00868008</controlfield>
  <controlfield tag="005">20190823110818.0</controlfield>
  <controlfield tag="008">710121s1970    ncua          000 0 eng  </controlfield>
  <datafield tag="010" ind1=" " ind2=" ">
    <subfield code="a">   73019840 //r92</subfield>
  </datafield>
  <datafield tag="035" ind1=" " ind2=" ">
    <subfield code="a">(Sirsi) r57561</subfield>
  </datafield>
  <datafield tag="035" ind1=" " ind2=" ">
    <subfield code="a">(DLC)   73019840 //r92</subfield>
  </datafield>
  <datafield tag="035" ind1=" " ind2=" ">
    <subfield code="a">(UPRA)lce00868008</subfield>
  </datafield>
  <datafield tag="040" ind1=" " ind2=" ">
    <subfield code="a">DLC</subfield>
    <subfield code="c">DLC</subfield>
    <subfield code="d">DLC</subfield>
    <subfield code="d">UPRA</subfield>
  </datafield>
  <datafield tag="050" ind1="0" ind2="0">
    <subfield code="a">SB273</subfield>
    <subfield code="b">.H39</subfield>
  </datafield>
  <datafield tag="082" ind1="0" ind2="0">
    <subfield code="a">633/.71</subfield>
  </datafield>
  <datafield tag="100" ind1="1" ind2=" ">
    <subfield code="a">Hawks, S. N. (Stirling Norman)</subfield>
    <subfield code="q">Hawks, S. N. (Stirling Norman)</subfield>
    <subfield code="6">A16599.1</subfield>
  </datafield>
  <datafield tag="245" ind1="1" ind2="0">
    <subfield code="a">Principles of flue-cured tobacco production /</subfield>
    <subfield code="c">by S.N. Hawks, Jr.</subfield>
  </datafield>
  <datafield tag="260" ind1=" " ind2=" ">
    <subfield code="a">Raleigh, NC,</subfield>
    <subfield code="c">1970.</subfield>
  </datafield>
  <datafield tag="650" ind1=" " ind2="0">
    <subfield code="a">Flue=cured tobacco.</subfield>
    <subfield code="6">S12047.1</subfield>
  </datafield>
  <datafield tag="650" ind1=" " ind2="0">
    <subfield code="a">Tobacco.</subfield>
    <subfield code="6">S1870.1</subfield>
  </datafield>
  <datafield tag="650" ind1=" " ind2="0">
    <subfield code="a">Tobacco curing.</subfield>
    <subfield code="6">S1347.1</subfield>
  </datafield>
  <datafield tag="949" ind1=" " ind2=" ">
    <subfield code="a">SB273</subfield>
    <subfield code="w">lcc</subfield>
    <subfield code="i">33729001876031</subfield>
    <subfield code="m">MAIN</subfield>
    <subfield code="p">2500</subfield>
    <subfield code="t">BOOK</subfield>
    <subfield code="l">ON-SHELF</subfield>
  </datafield>
  <controlfield tag="004">57561</controlfield>
  <datafield tag="999" ind1=" " ind2=" ">
    <subfield code="c">151707</subfield>
    <subfield code="d">151707</subfield>
  </datafield>
</record>
